Jerzy Woronczak - badacz namiętny

Titel: Jerzy Woronczak - badacz namiętny
Verfasser:
In: Wrocławskie Towarzystwo Naukowe. Komisja Językowa: Rozprawy Komisji Językowej, Band 19 (1993), Seite 7-9
alle Artikel anzeigen
Veröffentlicht: 1993
Format: Aufsatz
Sprache: Polnisch
Kein Bild verfügbar
X
alg: 39452176
001A    $01999:12-11-16 
001B    $01999:12-07-19 $t16:13:47.000 
001C    $06050:19-11-16 $t08:50:35.000 
001D    $01999:12-11-16 
001U    $0utf8 
001X    $00 
002@    $0Aox 
003@    $0394521765 
007A    $0394521765 $aHEB 
007T    $0Herdww001933 
010@    $apol 
011@    $a1993 
021A    $aJerzy Woronczak - badacz namiętny 
028A    $aSiciński $dBogdan 
031A    $d19 $h7-9 $j1993 
039B    $aIn $8--Abvc--Wrocławskie Towarzystwo Naukowe$bKomisja Językowa [Tb1]. Rozprawy Komisji Językowej. - Wrocław {[u.a.] : Państw. Wydawn. Naukowe, 1959-2015. - ISSN 0084-2990 $x199300000190000993 $9047286199 
045T    $a7,11 $a7,39 
045T    $aLING $qDE-30 $2FID 

lok: 39452176 78

exp: 39452176 78 1 #EPN
201B/01 $020-11-17 $t23:23:01.000 
201U/01 $0utf8 
203@/01 $0790632195 
208@/01 $a12-11-16 $be 
209A/01 $a/ $f000 $x00 
220C/01 $aTitelaufnehmer: AH 
220C/01 $aHerkunft: IH UWr 
244Z/01 $2Trx $#Silesia $#Śląsk $#Sliezsko $#Slezsko $8--Trx--Schlesien $x01 $9391173987 
244Z/01 $#Breslau $#Wrocław $#Wrotizla $#Breßlau $#Breßlaw $#Vroclav $#Vratislav $#Vratislavia $#Vratislauiae $#Bresslau $#Wratislavia $#Brassel $#Bresla $#Wratislava $#Smirna $#Breslavia $#Wroclaw $74008216-7 $8--Tg1--Breslau $x02 $9085014184 
244Z/01 $aGeschichte 1923-1993 $x03 
244Z/01 $2Trx $8--Trx--Woronczak, Jerzy$Z1923-2003 $x04 $9390660728 
244Z/01 $2Trx $#keeleteadlased $#kalbininkai $#linguist $#nyelvész $#językoznawcy $#jazykovedeci $#jazykovědci $#Philologen $#philologist $8--Trx--Sprachwissenschaftler $x05 $9391370707 
244Z/01 $2Trx $8--Trx--Zeitschriftenaufsatz $x06 $9391384341 
247C/01 $82080>Marburg/Lahn, Herder-Institut, Forschungsbibliothek, Bibliographieportal $9336309341
LEADER 00000caa a22000002c 4500
001 394521765
003 DE-603
005 20190712161347.0
007 tu
008 161112s1993 xx |||| | u00||u|pol c
035 |a (DE-599)HEB394521765 
040 |a DE-603  |b ger  |c DE-603  |d DE-603 
041 |a pol 
084 |a 7,11  |a 7,39  |2 ssgn 
084 |a LING  |q DE-30  |2 fid 
100 1 |a Siciński, Bogdan 
245 0 0 |a Jerzy Woronczak - badacz namiętny 
264 0 |c 1993 
773 0 8 |i In  |a Wrocławskie Towarzystwo Naukowe. Komisja Językowa  |t Rozprawy Komisji Językowej  |d Wrocław ˜[u.a.] œ: Państw. Wydawn. Naukowe, 1959-2015  |x 0084-2990  |g Band 19 (1993), Seite 7-9  |w (DE-603)047286199  |w (DE-600)205639-2 
924 0 |9 2080  |a (DE-603)790632195  |b DE-2080  |c HES  |d d  |g /